| 000 | 00647nam a22002057a 4500 | ||
|---|---|---|---|
| 005 | 20210325193925.0 | ||
| 008 | s2003 th ||||| |||| 00| 0 tha d | ||
| 020 | _a0197269245 | ||
| 050 |
_aJA84.G7 _bB57 |
||
| 100 | 0 | _aBrown, Archie | |
| 245 | 1 | 0 | _aThe British study of politics in the twentieth century |
| 260 | 3 |
_aNew York : _bOxford University Press, _c2003 |
|
| 300 |
_a511 p. ; _b22 cm. |
||
| 650 | 0 | 4 | _aPolitical science -- Great Britain -- History -- 20th Century |
| 650 | 0 | 4 | _aPolitical science -- Great Britain -- History -- 20th Century |
| 700 | 0 | _aBrown, Archie | |
| 850 | _aNALT | ||
| 942 | _cGB | ||
| 997 | _c000000000042349 | ||
| 999 |
_c42349 _d42349 |
||